Nicolas Sarkozy, Michel Onfray. Confidences entre ennemis (notice n° 1805225)

détails MARC
000 -LEADER
fixed length control field 00774cam a2200265 4500500
005 - DATE AND TIME OF LATEST TRANSACTION
control field 20260329001422.0
041 ## - LANGUAGE CODE
Language code of text/sound track or separate title fre
042 ## - AUTHENTICATION CODE
Authentication code dc
100 10 - MAIN ENTRY--PERSONAL NAME
Personal name Sarkozy, Nicolas
Relator term author
245 00 - TITLE STATEMENT
Title Nicolas Sarkozy, Michel Onfray. Confidences entre ennemis
260 ## - PUBLICATION, DISTRIBUTION, ETC.
Date of publication, distribution, etc. 2007.<br/>
500 ## - GENERAL NOTE
General note 39
690 ## - LOCAL SUBJECT ADDED ENTRY--TOPICAL TERM (OCLC, RLIN)
Topical term or geographic name as entry element Croyance
690 ## - LOCAL SUBJECT ADDED ENTRY--TOPICAL TERM (OCLC, RLIN)
Topical term or geographic name as entry element Élections
690 ## - LOCAL SUBJECT ADDED ENTRY--TOPICAL TERM (OCLC, RLIN)
Topical term or geographic name as entry element Liberté
690 ## - LOCAL SUBJECT ADDED ENTRY--TOPICAL TERM (OCLC, RLIN)
Topical term or geographic name as entry element Mal
690 ## - LOCAL SUBJECT ADDED ENTRY--TOPICAL TERM (OCLC, RLIN)
Topical term or geographic name as entry element Onfray
690 ## - LOCAL SUBJECT ADDED ENTRY--TOPICAL TERM (OCLC, RLIN)
Topical term or geographic name as entry element Politique
690 ## - LOCAL SUBJECT ADDED ENTRY--TOPICAL TERM (OCLC, RLIN)
Topical term or geographic name as entry element Sarkozy
700 10 - ADDED ENTRY--PERSONAL NAME
Personal name Onfray, Michel
Relator term author
700 10 - ADDED ENTRY--PERSONAL NAME
Personal name Lacroix, Alexandre
Relator term author
700 10 - ADDED ENTRY--PERSONAL NAME
Personal name Truong, Nicolas
Relator term author
786 0# - DATA SOURCE ENTRY
Note Philosophie magazine | 8 | 4 | 2007-04-01 | p. 1-4 | 1951-1787
856 41 - ELECTRONIC LOCATION AND ACCESS
Uniform Resource Identifier <a href="https://shs.cairn.info/magazine-philosophie-magazine-2007-4-page-1?lang=fr&redirect-ssocas=7080">https://shs.cairn.info/magazine-philosophie-magazine-2007-4-page-1?lang=fr&redirect-ssocas=7080</a>

Pas d'exemplaire disponible.

PLUDOC

PLUDOC est la plateforme unique et centralisée de gestion des bibliothèques physiques et numériques de Guinée administré par le CEDUST. Elle est la plus grande base de données de ressources documentaires pour les Étudiants, Enseignants chercheurs et Chercheurs de Guinée.

Adresse

627 919 101/664 919 101

25 boulevard du commerce
Kaloum, Conakry, Guinée

Réseaux sociaux

Powered by Netsen Group @ 2025